000 00668nam a2200205 i 4500
001 56163
003 ES-MaACL
005 20250618142457.0
007 t|
008 031003s1982 sp ||||1| spa d
100 1 _aDíaz-Plaja, Guillermo,
_d1909-1984
_9162428
245 1 0 _aRembrandt y la sinagoga española /
_cGuillermo Díaz-Plaja.
250 _a[1ª ed.].
260 _a[Esplugues de Llobregat] :
_bPlaza & Janés,
_c[1982]
300 _a265 p., 8 lám. ;
_c22 cm.
600 0 4 _aRembrandt Harmenszoon van Rijn,
_d1606-1669
_996120
650 4 _aSefardíes-
_zAmsterdam-
_vHistoria.
_9156583
852 _aES-MaACL
_jL-3669
_bR.103849
999 _c56163
_d56163